00644 cama220016957a450000100100000000500170001000800410002704000250006808200160009310000360010924500850014526000540023030000200028470000390030495201140034399900170045700001757220200929165145.0020131s2001 mx 000 0 spa  aDO-SdBNPbspacBNPHU axxxxbA696a1 aArias de la Canal, Fredo.9809610aAntologia cosmica lirica deJuan Carlos Garrote y Gil /cFredo Arias de la Canal. aMexico :bFrente de Afirmacion Hispanista,c2001. a48 p. ;c21 cm.1 aGarrote y Gil, Juan Carlos.938338 001050718MOaGRbGRcCTd2010-03-26iLF1l0oxxxx A696ap17572-10r2020-06-25w2020-06-25y1ZNo se presta c17097d17097